000 00267 a2200133 4500
020 _a0073656453
090 _c3052
_d3052
100 _aBerkowitz Kerin
245 _aMarketing
250 _a6th
260 _aBoston
300 _a736
942 _aNBS
_cBK
_k658.8 BER
999 _c345542
_d345542